Aprendizaje en el ejercicio de liderazgo transformacional y su aplicación en el Liceo Diego de Almeida de El Salvador

El siguiente informe ofrece un relato de mis vivencias, experiencias, sensaciones y emociones en el transcurso del Magíster en Educación, mención Liderazgo Transformacional y gestión Escolar desde un ámbito teórico y conceptual, basado en la meta-observación de este proceso, profundizando en las ref...

Full description

Bibliographic Details
Main Author: Campos Espinoza, Jorge
Other Authors: Aedo Zúñiga, María Paz
Format: Tesis
Language:Spanish
Published: Santiago, Chile: Universidad Academia de Humanismo Cristiano, 2019
Subjects:

MARC

LEADER 00000cmm a2200000 a 4500
001 045102
003 UAHC_CL
005 20230720130319.0
008 180719s2019 cl 000 spa
040 |a UAHC_CL  |c UAHC_CL  |d UAHC_CL 
100 |9 7722  |a Campos Espinoza, Jorge 
245 1 0 |a Aprendizaje en el ejercicio de liderazgo transformacional y su aplicación en el Liceo Diego de Almeida de El Salvador  |c Jorge Campos; profesor guía María Aedo. 
260 |a Santiago, Chile:  |b Universidad Academia de Humanismo Cristiano,  |c 2019 
300 |a 1 cd rom 
500 |a Tesis para optar al grado de Magíster en Educación. Mención liderazgo transformacional y gestión escolar. 
502 |a Tesis (Magíster en Educación) --Universidad Academia de Humanismo Cristiano, 2019. 
520 |a El siguiente informe ofrece un relato de mis vivencias, experiencias, sensaciones y emociones en el transcurso del Magíster en Educación, mención Liderazgo Transformacional y gestión Escolar desde un ámbito teórico y conceptual, basado en la meta-observación de este proceso, profundizando en las reflexiones, los aprendizajes y desaprendizajes que he ido adquiriendo. Desde un enfoque autoetnográfico y afín a la metodología de la investigación narrativa, comparto lo que ha significado este Magíster para mi condición de observador y para mi ejercicio docente; particularmente, lo que se ha ido transformado en mí desde que comencé el programa. El relato se organiza en 3 partes. La primera, referida a la observación y la reflexión personal sobre mis aprendizajes, vinculada a los autores y conceptos relacionados con el enfoque del aprendizaje y el liderazgo transformacional. Por tratarse de un relato autoetnográfico, este aparatado recoge como evidencia del proceso los reportes personales (bitácoras) que fueron realizados periódicamente en el transcurso del Magíster, desde sus inicios. La segunda parte presenta evidencia sobre cómo estos aprendizajes y transformaciones se expresan en la conducción y el liderazgo de los procesos educativos de mi incumbencia, desarrollados en el liceo donde trabajo. 
650 0 |a Aprendizaje  |9 408 
650 0 |9 5843  |a Formación profesional 
650 0 |9 5741  |a Pedagogía crítica 
650 0 |9 3146  |a Emociones y cognición 
700 |a Aedo Zúñiga, María Paz  |9 3276 
900 |a TMED 96 
942 |c TS 
952 |0 0  |1 0  |2 ddc  |4 0  |6 TMED_96_000000000000000  |7 0  |8 COMP  |9 91959  |a BC  |b BC  |c Referencia  |d 2019-05-02  |l 0  |o TMED 96  |p 4671  |r 2019-05-02 00:00:00  |w 2019-05-02  |y TS  |B MED 
999 |c 52021  |d 52021